The Routledge Handbook of Geospatial Technologies and Society /

Guardado en:
Detalles Bibliográficos
Otros Autores: Kent, Alexander J. (Editor), Specht, Doug (Editor)
Formato: Libro
Lenguaje:inglés
Publicado: New York: Routledge, 2024
Materias:
Etiquetas: Agregar Etiqueta
Sin Etiquetas, Sea el primero en etiquetar este registro!

MARC

LEADER 00000nam a22000003a 4500
001 0140378
003 SK-STU
005 20260305134109.5
007 ta
008 260305s ----xo-----e------000-0-----d
020 |a 978-1-032-43128-4 
040 |a STU  |b slo 
041 0 |a eng  |h eng 
044 |a xxu 
100 1 |a Kent, Alexander J.  |4 edt 
245 1 0 |a The Routledge Handbook of Geospatial Technologies and Society /  |c ed. Alexander J Kent ; ed. Doug Specht 
260 |a New York:  |b Routledge,  |c 2024 
300 |a 656 s. 
650 0 7 |a geography 
650 0 7 |a GIS 
650 0 7 |a sociology 
700 1 |a Specht, Doug  |4 edt 
996 |c V* 53776/O-24843  |l VV3  |s P  |a 0  |w 0140378_0001